[Event "19. Open Figueres Miquel Mas 2018"]
[Site "Figueres ESP"]
[Date "2018.08.12"]
[Round "5.5"]
[White "Parals Marce, Luis"]
[Black "Rex, Torsten"]
[Result "1-0"]
[WhiteElo "2038"]
[BlackElo "1910"]
[PlyCount "111"]
[EventDate "2018.08.09"]
[EventType "swiss"]
[EventRounds "9"]
[EventCountry "ESP"]
[SourceTitle "Ajedrez en Madrid"]
[Source "lmi"]
[SourceDate "2018.08.09"]
[SourceVersion "1"]
[SourceVersionDate "2019.07.09"]
[SourceQuality "1"]

1. Nf3 Nf6 2. c4 g6 3. b4 Bg7 4. Bb2 O-O 5. g3 b6 6. Bg2 Bb7 7. O-O c5 8. b5 a5
9. Nc3 e6 10. Na4 d5 11. d3 d4 12. e3 dxe3 13. fxe3 Nbd7 14. Ne5 Bxg2 15. Kxg2
Nxe5 16. Bxe5 Nd7 17. Bxg7 Kxg7 18. d4 Qc7 19. Rc1 Rad8 20. Qf3 Rc8 21. Rf2 f5
22. Rd2 Rf7 23. Qf4 Qb7+ 24. Qf3 Qc7 25. Kg1 e5 26. Qd5 exd4 27. exd4 f4 28.
dxc5 Nxc5 29. Nxc5 Qxc5+ 30. Qxc5 Rxc5 31. Rd6 fxg3 32. Rxb6 gxh2+ 33. Kh1 Rf2
34. a4 Rg5 35. Rd6 Re5 36. b6 Rb2 37. Rd7+ Kh6 38. b7 g5 39. Rc2 Rb1+ 40. Kxh2
Kg6 41. Kg3 Rb3+ 42. Kf2 Rf5+ 43. Ke2 Rf7 44. Rxf7 Kxf7 45. c5 Rxb7 46. Kd3 Ke6
47. c6 Rc7 48. Rc5 h6 49. Kc4 Kd6 50. Kb5 Ra7 51. Rc1 Rg7 52. Kb6 Rg8 53. c7
Re8 54. c8=Q Rxc8 55. Rxc8 h5 56. Kxa5 1-0

[Event "19. Open Figueres Miquel Mas 2018"]
[Site "Figueres ESP"]
[Date "2018.08.12"]
[Round "5.6"]
[White "Vilalta Vidal, Javier"]
[Black "Lazaro Porta, Angel"]
[Result "1/2-1/2"]
[WhiteElo "1984"]
[BlackElo "1882"]
[PlyCount "58"]
[EventDate "2018.08.09"]
[EventType "swiss"]
[EventRounds "9"]
[EventCountry "ESP"]
[SourceTitle "Ajedrez en Madrid"]
[Source "lmi"]
[SourceDate "2018.08.09"]
[SourceVersion "1"]
[SourceVersionDate "2019.07.09"]
[SourceQuality "1"]

1. d4 Nf6 2. c4 e6 3. Nc3 Bb4 4. a3 Bxc3+ 5. bxc3 c5 6. e3 O-O 7. Bd3 d6 8. Ne2
Nbd7 9. e4 e5 10. d5 h6 11. O-O Re8 12. Ng3 Nf8 13. Be2 Ng6 14. h3 Nf4 15. Bf3
Rb8 16. Be3 Bd7 17. Qd2 g5 18. Rfb1 Qc8 19. Rb2 h5 20. Bxf4 exf4 21. Nxh5 Nxh5
22. Bxh5 Rxe4 23. Re1 Qe8 24. Rbb1 Re5 25. Re2 Rxe2 26. Bxe2 Qe5 27. Bf3 f6 28.
Re1 Qf5 29. Bg4 Qg6 1/2-1/2

[Event "19. Open Figueres Miquel Mas 2018"]
[Site "Figueres ESP"]
[Date "2018.08.12"]
[Round "5.14"]
[White "Gac, Jean-Luc"]
[Black "Mallol Descarrega, Gerard"]
[Result "1/2-1/2"]
[WhiteElo "1486"]
[BlackElo "1728"]
[PlyCount "68"]
[EventDate "2018.08.09"]
[EventType "swiss"]
[EventRounds "9"]
[EventCountry "ESP"]
[SourceTitle "Ajedrez en Madrid"]
[Source "lmi"]
[SourceDate "2018.08.09"]
[SourceVersion "1"]
[SourceVersionDate "2019.07.09"]
[SourceQuality "1"]

1. e4 e6 2. d4 d5 3. e5 c5 4. c3 Nc6 5. Nf3 Qb6 6. a3 Bd7 7. Be2 f6 8. O-O c4
9. Nbd2 fxe5 10. Nxe5 Nxe5 11. dxe5 Bc5 12. b4 cxb3 13. Qxb3 Ne7 14. Qxb6 Bxb6
15. Kh1 O-O 16. f4 Nf5 17. Nb3 Ba4 18. Rb1 Rac8 19. Bd2 Ne3 20. Rf3 Nc4 21. Bc1
Rf7 22. Nd4 Bxd4 23. cxd4 b5 24. Rc3 Rfc7 25. Bg4 Re7 26. f5 exf5 27. Bxf5 Rf8
28. Rf3 g6 29. Bg4 a6 30. Rxf8+ Kxf8 31. Bh6+ Ke8 32. Rf1 Rf7 33. Rxf7 Kxf7 34.
Bc1 Bc2 1/2-1/2

[Event "19. Open Figueres Miquel Mas 2018"]
[Site "Figueres ESP"]
[Date "2018.08.12"]
[Round "5.18"]
[White "Cantenys Pages, Carles"]
[Black "Salomon Emmanuel, Yves"]
[Result "1-0"]
[WhiteElo "1405"]
[BlackElo "1639"]
[PlyCount "55"]
[EventDate "2018.08.09"]
[EventType "swiss"]
[EventRounds "9"]
[EventCountry "ESP"]
[SourceTitle "Ajedrez en Madrid"]
[Source "lmi"]
[SourceDate "2018.08.09"]
[SourceVersion "1"]
[SourceVersionDate "2019.07.09"]
[SourceQuality "1"]

1. e4 d6 2. d4 Nf6 3. Nc3 Nbd7 4. Nf3 e5 5. dxe5 dxe5 6. Be2 Be7 7. O-O O-O 8.
h3 c6 9. Be3 Qc7 10. Nh2 Re8 11. f4 Nc5 12. Bd3 Nxd3 13. cxd3 exf4 14. Bxf4
Qb6+ 15. Kh1 Qxb2 16. Ne2 b6 17. Nf3 Bb7 18. Be5 Qa3 19. Ned4 Nd7 20. Nc2 Qa6
21. Bg3 Bf6 22. Nb4 Qa5 23. Rb1 Ne5 24. Qb3 Re7 25. Be1 Nxf3 26. Nxc6 Nd4 27.
Nxe7+ Bxe7 28. Qxf7+ 1-0

[Event "19. Open Figueres Miquel Mas 2018"]
[Site "Figueres ESP"]
[Date "2018.08.12"]
[Round "5.21"]
[White "Vilanova Guardiola, Josep M."]
[Black "Deulofeu Peramarch, Enric"]
[Result "1-0"]
[WhiteElo "1763"]
[BlackElo "1550"]
[PlyCount "59"]
[EventDate "2018.08.09"]
[EventType "swiss"]
[EventRounds "9"]
[EventCountry "ESP"]
[SourceTitle "Ajedrez en Madrid"]
[Source "lmi"]
[SourceDate "2018.08.09"]
[SourceVersion "1"]
[SourceVersionDate "2019.07.09"]
[SourceQuality "1"]

1. d4 d5 2. c4 c6 3. Nf3 Bf5 4. Nc3 e6 5. e3 Bd6 6. Be2 Nf6 7. O-O h6 8. c5 Be7
9. Ne5 O-O 10. f4 Nbd7 11. b4 b5 12. Nxc6 Qe8 13. Nxe7+ Qxe7 14. Bxb5 Rfc8 15.
Bd3 Bg4 16. Qa4 Nb6 17. Qb3 Nbd7 18. a4 Ne8 19. Ba3 Bf5 20. Bxf5 exf5 21. Rfe1
Qe6 22. Qxd5 Nb6 23. Qxe6 fxe6 24. e4 g6 25. exf5 gxf5 26. Rxe6 Kg7 27. Rae1
Nf6 28. Nb5 Nxa4 29. Ra6 Ng4 30. h3 1-0

[Event "19. Open Figueres Miquel Mas 2018"]
[Site "Figueres ESP"]
[Date "2018.08.12"]
[Round "5.23"]
[White "Insa Pujolar, Marti"]
[Black "Villa Carrillo, Julio"]
[Result "1-0"]
[WhiteElo "1406"]
[BlackElo "1482"]
[PlyCount "43"]
[EventDate "2018.08.09"]
[EventType "swiss"]
[EventRounds "9"]
[EventCountry "ESP"]
[SourceTitle "Ajedrez en Madrid"]
[Source "lmi"]
[SourceDate "2018.08.09"]
[SourceVersion "1"]
[SourceVersionDate "2019.07.09"]
[SourceQuality "1"]

1. e4 c5 2. Nf3 Nc6 3. Bb5 d6 4. c3 Bd7 5. O-O Nf6 6. Re1 g6 7. d4 cxd4 8. cxd4
Qb6 9. Nc3 O-O-O 10. h3 a6 11. Bc4 Be8 12. Be3 Na5 13. d5 Qc7 14. Bd3 Kb8 15.
Na4 Bxa4 16. Qxa4 b5 17. Bxb5 axb5 18. Qxb5+ Nb7 19. Bb6 Qd7 20. Qc6 Nc5 21.
Bxc5 dxc5 22. Ne5 1-0

[Event "19. Open Figueres Miquel Mas 2018"]
[Site "Figueres ESP"]
[Date "2018.08.13"]
[Round "6.1"]
[White "Vidal Zamora, Alex"]
[Black "Parramon Ros, Francesc"]
[Result "1-0"]
[WhiteElo "2404"]
[BlackElo "2059"]
[PlyCount "77"]
[EventDate "2018.08.09"]
[EventType "swiss"]
[EventRounds "9"]
[EventCountry "ESP"]
[SourceTitle "Ajedrez en Madrid"]
[Source "lmi"]
[SourceDate "2018.08.09"]
[SourceVersion "1"]
[SourceVersionDate "2019.07.09"]
[SourceQuality "1"]

1. Nf3 Nf6 2. g3 d5 3. Bg2 c6 4. O-O Bf5 5. d3 h6 6. Nbd2 e6 7. Re1 Be7 8. c3
Bh7 9. Qb3 Qc7 10. e4 O-O 11. Qc2 a5 12. Nf1 Na6 13. Bf4 Qb6 14. e5 Nd7 15.
Rad1 Rfc8 16. g4 Qd8 17. Qe2 b5 18. Ng3 a4 19. Nd4 a3 20. b3 Rab8 21. Nc2 Nb6
22. Bc1 Qf8 23. f4 c5 24. Bxa3 b4 25. cxb4 c4 26. bxc4 dxc4 27. f5 cxd3 28.
Rxd3 Nc4 29. Bc1 Nxe5 30. Qxe5 Rxc2 31. a3 Bf6 32. Qd6 Nxb4 33. Qxf8+ Kxf8 34.
axb4 Bc3 35. Red1 Bxb4 36. Be4 Bc5+ 37. Kh1 Rb1 38. Rd8+ Ke7 39. R8d7+ 1-0

[Event "19. Open Figueres Miquel Mas 2018"]
[Site "Figueres ESP"]
[Date "2018.08.13"]
[Round "6.2"]
[White "Sole Pijuan, Ferran"]
[Black "Touzane, Olivier"]
[Result "0-1"]
[WhiteElo "2320"]
[BlackElo "2301"]
[PlyCount "86"]
[EventDate "2018.08.09"]
[EventType "swiss"]
[EventRounds "9"]
[EventCountry "ESP"]
[SourceTitle "Ajedrez en Madrid"]
[Source "lmi"]
[SourceDate "2018.08.09"]
[SourceVersion "1"]
[SourceVersionDate "2019.07.09"]
[SourceQuality "1"]

1. d4 Nf6 2. c4 c5 3. d5 b5 4. cxb5 a6 5. bxa6 g6 6. Nc3 Bg7 7. e4 O-O 8. a7
Rxa7 9. Bd3 e6 10. Nge2 exd5 11. exd5 Ba6 12. O-O d6 13. Nb5 Bxb5 14. Bxb5 Qb6
15. a4 Na6 16. Nc3 Nb4 17. Bg5 Ne8 18. Re1 Nc7 19. Qd2 Nxb5 20. Nxb5 Rxa4 21.
Rxa4 Qxb5 22. Rea1 Qb7 23. Bh6 Bxh6 24. Qxh6 Qxd5 25. h3 Qc6 26. Qf4 d5 27. Ra7
c4 28. Rc7 Qe6 29. Raa7 Nd3 30. Qd2 Qf5 31. Re7 h5 32. Re3 Qf6 33. Ra3 Rb8 34.
Raxd3 cxd3 35. b4 Qd6 36. Qc3 d4 37. Rxd3 Rxb4 38. Qe1 Kg7 39. h4 Rc4 40. g3
Qc7 41. Qe4 f5 42. Qf4 Qxf4 43. gxf4 Kf6 0-1

[Event "19. Open Figueres Miquel Mas 2018"]
[Site "Figueres ESP"]
[Date "2018.08.13"]
[Round "6.3"]
[White "Parals Marce, Luis"]
[Black "Lorca Cortada, David"]
[Result "1/2-1/2"]
[WhiteElo "2038"]
[BlackElo "2060"]
[PlyCount "106"]
[EventDate "2018.08.09"]
[EventType "swiss"]
[EventRounds "9"]
[EventCountry "ESP"]
[SourceTitle "Ajedrez en Madrid"]
[Source "lmi"]
[SourceDate "2018.08.09"]
[SourceVersion "1"]
[SourceVersionDate "2019.07.09"]
[SourceQuality "1"]

1. Nf3 c5 2. c4 g6 3. g3 Bg7 4. Bg2 Nc6 5. Nc3 e6 6. e4 Nge7 7. O-O O-O 8. d3
a6 9. Be3 Nd4 10. Qd2 Nec6 11. Bh6 Nxf3+ 12. Bxf3 d6 13. Bxg7 Kxg7 14. Bg2 Rb8
15. f4 Nd4 16. Ne2 Nxe2+ 17. Qxe2 e5 18. f5 f6 19. g4 Bd7 20. h4 b5 21. b3 a5
22. Qd2 b4 23. a4 bxa3 24. Rxa3 Rb4 25. Rfa1 Qb6 26. Rxa5 Rxb3 27. Ra6 Qb8 28.
R1a2 Bc8 29. Ra8 Qc7 30. Bf3 Rf7 31. Kh2 Bb7 32. R8a7 Qb6 33. Bd1 Rb1 34. R7a4
Bc8 35. Ra8 Bb7 36. R8a4 Bc8 37. Be2 Qb7 38. g5 Qe7 39. Bg4 Rf1 40. fxg6 hxg6
41. Bxc8 Qf8 42. Be6 Re7 43. Bh3 Rf4 44. Ra8 Qf7 45. Kg3 fxg5 46. hxg5 Rb7 47.
Bg4 Rf1 48. Rd8 Rg1+ 49. Kh3 Qf1+ 50. Kh4 Rh1+ 51. Kg3 Rg1+ 52. Kh4 Rh1+ 53.
Kg3 Rg1+ 1/2-1/2

[Event "19. Open Figueres Miquel Mas 2018"]
[Site "Figueres ESP"]
[Date "2018.08.13"]
[Round "6.4"]
[White "Colls Gelaberto, Emili"]
[Black "Izagirre Alsua, Aritz"]
[Result "1-0"]
[WhiteElo "2093"]
[BlackElo "1875"]
[PlyCount "61"]
[EventDate "2018.08.09"]
[EventType "swiss"]
[EventRounds "9"]
[EventCountry "ESP"]
[SourceTitle "Ajedrez en Madrid"]
[Source "lmi"]
[SourceDate "2018.08.09"]
[SourceVersion "1"]
[SourceVersionDate "2019.07.09"]
[SourceQuality "1"]

1. d4 d5 2. c4 c6 3. Nf3 Nf6 4. e3 a6 5. Bd3 b5 6. b3 e6 7. Nbd2 Be7 8. O-O O-O
9. Bb2 Bb7 10. e4 Nxe4 11. Nxe4 dxe4 12. Bxe4 Nd7 13. Rc1 Nf6 14. Bb1 c5 15.
dxc5 Qxd1 16. Rfxd1 bxc4 17. Rxc4 Bd5 18. Rcc1 Rfc8 19. b4 a5 20. a3 axb4 21.
axb4 Rab8 22. Bc3 Bxf3 23. gxf3 Nd5 24. Rxd5 exd5 25. Bf5 Rd8 26. Be5 Rbc8 27.
Bxc8 Rxc8 28. b5 f6 29. Bd4 Bd8 30. c6 Rb8 31. b6 1-0

[Event "19. Open Figueres Miquel Mas 2018"]
[Site "Figueres ESP"]
[Date "2018.08.13"]
[Round "6.5"]
[White "Lazaro Porta, Angel"]
[Black "Castells Briones, Miquel"]
[Result "0-1"]
[WhiteElo "1882"]
[BlackElo "2018"]
[PlyCount "49"]
[EventDate "2018.08.09"]
[EventType "swiss"]
[EventRounds "9"]
[EventCountry "ESP"]
[SourceTitle "Ajedrez en Madrid"]
[Source "lmi"]
[SourceDate "2018.08.09"]
[SourceVersion "1"]
[SourceVersionDate "2019.07.09"]
[SourceQuality "1"]

1. Nf3 d5 2. c4 c6 3. g3 Bg4 4. Bg2 e6 5. O-O Nd7 6. d4 Ngf6 7. Bf4 Be7 8. Qc2
Bf5 9. Qb3 Qb6 10. c5 Qa6 11. Nc3 Ne4 12. Ne5 Nxe5 13. Bxe5 Nd2 14. Qd1 Nxf1
15. Bxg7 Rg8 16. Be5 Nxh2 17. Kxh2 Kd7 18. a3 Qa5 19. b4 Qd8 20. f3 Bh4 21. e4
Qg5 22. Qe1 Bxg3+ 23. Bxg3 h5 24. exf5 h4 25. Kg1 0-1

[Event "19. Open Figueres Miquel Mas 2018"]
[Site "Figueres ESP"]
[Date "2018.08.13"]
[Round "6.6"]
[White "Vilalta Vidal, Javier"]
[Black "Vinas Serra, Jaume"]
[Result "1-0"]
[WhiteElo "1984"]
[BlackElo "1809"]
[PlyCount "66"]
[EventDate "2018.08.09"]
[EventType "swiss"]
[EventRounds "9"]
[EventCountry "ESP"]
[SourceTitle "Ajedrez en Madrid"]
[Source "lmi"]
[SourceDate "2018.08.09"]
[SourceVersion "1"]
[SourceVersionDate "2019.07.09"]
[SourceQuality "1"]

1. e4 Nf6 2. e5 Nd5 3. d4 d6 4. c4 Nb6 5. exd6 exd6 6. Nc3 Be7 7. Bd3 Nc6 8.
Nge2 Bg4 9. f3 Bh5 10. O-O O-O 11. b3 Bg6 12. f4 Bxd3 13. Qxd3 f5 14. Be3 Qd7
15. Rae1 Rae8 16. d5 Nd8 17. Nb5 a6 18. Nbd4 g6 19. Nf3 Nc8 20. Bd4 Bf6 21.
Bxf6 Rxf6 22. Ned4 h6 23. Rxe8+ Qxe8 24. Re1 Qf7 25. Ng5 Qd7 26. Nge6 Nxe6 27.
Nxe6 c5 28. Qc3 Rf7 29. Qh3 h5 30. Qg3 Ne7 31. Qe3 b6 32. Ng5 Rg7 33. Qe6+ Qxe6
1-0

[Event "19. Open Figueres Miquel Mas 2018"]
[Site "Figueres ESP"]
[Date "2018.08.13"]
[Round "6.7"]
[White "Nunez Colome, David"]
[Black "Ruiz De Morales Cespedes, Jaume"]
[Result "1-0"]
[WhiteElo "1970"]
[BlackElo "1754"]
[PlyCount "59"]
[EventDate "2018.08.09"]
[EventType "swiss"]
[EventRounds "9"]
[EventCountry "ESP"]
[SourceTitle "Ajedrez en Madrid"]
[Source "lmi"]
[SourceDate "2018.08.09"]
[SourceVersion "1"]
[SourceVersionDate "2019.07.09"]
[SourceQuality "1"]

1. e4 e6 2. d4 d5 3. Nd2 dxe4 4. Nxe4 Nd7 5. Nf3 Ngf6 6. Nxf6+ Nxf6 7. Bd3 c5
8. dxc5 Bxc5 9. O-O h6 10. Qe2 O-O 11. a3 a5 12. b3 Bd7 13. Bb2 Bc6 14. Ne5 Bd4
15. Nxc6 bxc6 16. c3 Ba7 17. Rad1 Qe7 18. c4 Bc5 19. a4 Rfd8 20. Qf3 Ra7 21.
Bc2 Rad7 22. Bc3 Bb6 23. Rxd7 Qxd7 24. Rd1 Qe7 25. Qxc6 Bxf2+ 26. Kxf2 Ng4+ 27.
Ke2 Rxd1 28. Kxd1 Ne3+ 29. Kc1 g6 30. Qc8+ 1-0

[Event "19. Open Figueres Miquel Mas 2018"]
[Site "Figueres ESP"]
[Date "2018.08.13"]
[Round "6.9"]
[White "Rex, Torsten"]
[Black "Hervas Carretero, Flavio"]
[Result "1-0"]
[WhiteElo "1910"]
[BlackElo "1441"]
[PlyCount "47"]
[EventDate "2018.08.09"]
[EventType "swiss"]
[EventRounds "9"]
[EventCountry "ESP"]
[SourceTitle "Ajedrez en Madrid"]
[Source "lmi"]
[SourceDate "2018.08.09"]
[SourceVersion "1"]
[SourceVersionDate "2019.07.09"]
[SourceQuality "1"]

1. Nf3 g6 2. g3 Bg7 3. Bg2 d6 4. d4 e6 5. O-O Ne7 6. e4 O-O 7. c4 Nbc6 8. Nc3
a5 9. h3 f5 10. Bg5 Qe8 11. d5 fxe4 12. Nxe4 exd5 13. cxd5 Nb4 14. Re1 Qf7 15.
Nxd6 cxd6 16. Bxe7 Re8 17. Ng5 Qf5 18. Bxd6 Bd7 19. Bxb4 axb4 20. Rxe8+ Bxe8
21. Qd2 Bd7 22. Ne6 Bxe6 23. dxe6 Qxe6 24. Bd5 1-0

[Event "19. Open Figueres Miquel Mas 2018"]
[Site "Figueres ESP"]
[Date "2018.08.13"]
[Round "6.11"]
[White "Perez Lopez, Alfonso"]
[Black "Vinolas Anglada, Jude Biel"]
[Result "1-0"]
[WhiteElo "1774"]
[BlackElo "1458"]
[PlyCount "61"]
[EventDate "2018.08.09"]
[EventType "swiss"]
[EventRounds "9"]
[EventCountry "ESP"]
[SourceTitle "Ajedrez en Madrid"]
[Source "lmi"]
[SourceDate "2018.08.09"]
[SourceVersion "1"]
[SourceVersionDate "2019.07.09"]
[SourceQuality "1"]

1. c4 Nf6 2. Nc3 d6 3. g3 Nbd7 4. Bg2 g6 5. Nf3 Bg7 6. d4 Rb8 7. e4 c5 8. O-O
O-O 9. h3 a6 10. Be3 b6 11. Qc2 Qc7 12. b3 Bb7 13. Rad1 e6 14. Rfe1 Rfe8 15. a4
h6 16. Rd2 Rbd8 17. Red1 Nb8 18. e5 dxe5 19. dxc5 bxc5 20. Rxd8 Rxd8 21. Rxd8+
Qxd8 22. Bxc5 Nfd7 23. Ba3 Nc6 24. Ne2 Nd4 25. Nfxd4 Bxg2 26. Nxe6 Qa8 27. Nc7
Qf3 28. Qc3 Qc6 29. Qd3 Bxh3 30. Nd5 Nf6 31. Ne7+ 1-0

[Event "19. Open Figueres Miquel Mas 2018"]
[Site "Figueres ESP"]
[Date "2018.08.13"]
[Round "6.12"]
[White "Falgueras Marti, Carles"]
[Black "Estruch Andreu, Lluc"]
[Result "1-0"]
[WhiteElo "1872"]
[BlackElo "1629"]
[PlyCount "63"]
[EventDate "2018.08.09"]
[EventType "swiss"]
[EventRounds "9"]
[EventCountry "ESP"]
[SourceTitle "Ajedrez en Madrid"]
[Source "lmi"]
[SourceDate "2018.08.09"]
[SourceVersion "1"]
[SourceVersionDate "2019.07.09"]
[SourceQuality "1"]

1. e4 e6 2. d4 d5 3. e5 c5 4. c3 Nc6 5. Nf3 Qb6 6. a3 cxd4 7. cxd4 Nge7 8. b4
Nf5 9. Be3 a6 10. Nc3 Be7 11. Bd3 Nxe3 12. fxe3 O-O 13. h4 f6 14. Bxh7+ Kxh7
15. Ng5+ Kg8 16. Qh5 fxg5 17. hxg5 Bxb4 18. Qh7+ Kf7 19. O-O+ Ke8 20. Qh5+ Kd7
21. axb4 Qxb4 22. Rxf8 Qxf8 23. Rf1 Qe8 24. Rf7+ Ne7 25. Qg6 Kc6 26. Qxg7 Nf5
27. Qf6 Bd7 28. g6 Qh8 29. g7 Nxg7 30. Rxg7 Rg8 31. Qe7 Kb6 32. Qc5# 1-0

[Event "19. Open Figueres Miquel Mas 2018"]
[Site "Figueres ESP"]
[Date "2018.08.14"]
[Round "7.1"]
[White "Lorca Cortada, David"]
[Black "Vidal Zamora, Alex"]
[Result "0-1"]
[WhiteElo "2060"]
[BlackElo "2404"]
[PlyCount "48"]
[EventDate "2018.08.09"]
[EventType "swiss"]
[EventRounds "9"]
[EventCountry "ESP"]
[SourceTitle "Ajedrez en Madrid"]
[Source "lmi"]
[SourceDate "2018.08.09"]
[SourceVersion "1"]
[SourceVersionDate "2019.07.09"]
[SourceQuality "1"]

1. d4 e6 2. Nf3 Nf6 3. g3 b5 4. a4 b4 5. Bg2 Bb7 6. O-O c5 7. c3 Nc6 8. Ne5 d5
9. Nxc6 Bxc6 10. cxb4 cxb4 11. Bf4 Bd6 12. Bxd6 Qxd6 13. Nd2 Rc8 14. Nb3 Nd7
15. Nc1 O-O 16. Qd2 Bb7 17. Nb3 Ba6 18. Rac1 Bc4 19. Na1 b3 20. Rc3 Rb8 21. f4
f5 22. Qe3 Nb6 23. Rxb3 Bxb3 24. Nxb3 Nc4 0-1

[Event "19. Open Figueres Miquel Mas 2018"]
[Site "Figueres ESP"]
[Date "2018.08.14"]
[Round "7.2"]
[White "Touzane, Olivier"]
[Black "Vilalta Vidal, Javier"]
[Result "1-0"]
[WhiteElo "2301"]
[BlackElo "1984"]
[PlyCount "56"]
[EventDate "2018.08.09"]
[EventType "swiss"]
[EventRounds "9"]
[EventCountry "ESP"]
[SourceTitle "Ajedrez en Madrid"]
[Source "lmi"]
[SourceDate "2018.08.09"]
[SourceVersion "1"]
[SourceVersionDate "2019.07.09"]
[SourceQuality "1"]

1. d4 d5 2. c4 c6 3. Nc3 Nf6 4. Nf3 e6 5. Bg5 dxc4 6. e4 b5 7. e5 h6 8. Bh4 g5
9. Nxg5 hxg5 10. Bxg5 Be7 11. exf6 Bxf6 12. Bxf6 Qxf6 13. g3 Na6 14. Bg2 Bb7
15. a4 O-O-O 16. axb5 cxb5 17. Bxb7+ Kxb7 18. Nxb5 Qf5 19. Nc3 Nb4 20. O-O Nc6
21. f4 Rxd4 22. Qf3 Kc7 23. Ra6 Qc5 24. Qf2 Rhd8 25. Rfa1 Qh5 26. h4 R8d7 27.
Qg2 Qc5 28. Qf2 Qh5 1-0

[Event "19. Open Figueres Miquel Mas 2018"]
[Site "Figueres ESP"]
[Date "2018.08.14"]
[Round "7.3"]
[White "Castells Briones, Miquel"]
[Black "Colls Gelaberto, Emili"]
[Result "1-0"]
[WhiteElo "2018"]
[BlackElo "2093"]
[PlyCount "68"]
[EventDate "2018.08.09"]
[EventType "swiss"]
[EventRounds "9"]
[EventCountry "ESP"]
[SourceTitle "Ajedrez en Madrid"]
[Source "lmi"]
[SourceDate "2018.08.09"]
[SourceVersion "1"]
[SourceVersionDate "2019.07.09"]
[SourceQuality "1"]

1. d4 Nf6 2. g3 g6 3. Bg2 Bg7 4. e4 d6 5. Nc3 O-O 6. Nge2 Na6 7. h3 c5 8. Be3
cxd4 9. Bxd4 Nb4 10. O-O Be6 11. Re1 a6 12. f4 Rc8 13. g4 Qc7 14. Qd2 Nc6 15.
Bf2 Na5 16. Rad1 Rfd8 17. Nd4 Nc4 18. Nxe6 fxe6 19. Qc1 Nxb2 20. Qxb2 Qxc3 21.
Qxb7 Rd7 22. Qxa6 Qxc2 23. e5 Ne8 24. Rd2 Qc4 25. Qxc4 Rxc4 26. f5 gxf5 27.
gxf5 Rdc7 28. exd6 exd6 29. Rxe6 Rc1+ 30. Kh2 R1c2 31. Ree2 Be5+ 32. Kg1 Rxd2
33. Rxd2 Rc1+ 34. Bf1 Nf6 1-0

[Event "19. Open Figueres Miquel Mas 2018"]
[Site "Figueres ESP"]
[Date "2018.08.14"]
[Round "7.4"]
[White "Parramon Ros, Francesc"]
[Black "Parals Marce, Luis"]
[Result "1-0"]
[WhiteElo "2059"]
[BlackElo "2038"]
[PlyCount "111"]
[EventDate "2018.08.09"]
[EventType "swiss"]
[EventRounds "9"]
[EventCountry "ESP"]
[SourceTitle "Ajedrez en Madrid"]
[Source "lmi"]
[SourceDate "2018.08.09"]
[SourceVersion "1"]
[SourceVersionDate "2019.07.09"]
[SourceQuality "1"]

1. Nf3 g6 2. d4 Bg7 3. g3 d6 4. Bg2 Nd7 5. O-O e5 6. dxe5 Nxe5 7. Nxe5 dxe5 8.
Qxd8+ Kxd8 9. Rd1+ Ke8 10. Nc3 c6 11. Ne4 Bf8 12. Nd6+ Bxd6 13. Rxd6 Bf5 14.
Be3 Rd8 15. Rad1 Rxd6 16. Rxd6 Ne7 17. Rd2 a6 18. Bg5 e4 19. c4 h6 20. Bf6 Rg8
21. h3 b5 22. g4 Be6 23. cxb5 axb5 24. Bxe4 Bxa2 25. Rd6 Be6 26. Kg2 Bd7 27.
Kh2 c5 28. Ra6 Bc8 29. Ra7 Bd7 30. Ra8+ Bc8 31. Bb7 Kd7 32. Bxe7 Bxb7 33. Rxg8
Kxe7 34. Kg3 Kd6 35. Kf4 c4 36. Ke3 Kc5 37. Kd2 Kb4 38. Rb8 Bc6 39. Rb6 Kc5 40.
Rb8 Kb4 41. h4 Kb3 42. Kc1 h5 43. gxh5 gxh5 44. Rh8 b4 45. Rxh5 Be4 46. f3 Bg6
47. Ra5 c3 48. bxc3 Kxc3 49. Rc5+ Kd4 50. Rc7 Bf5 51. Kb2 Ke3 52. Rxf7 Bg6 53.
Re7+ Kd4 54. Kb3 Kc5 55. h5 Bb1 56. h6 1-0

[Event "19. Open Figueres Miquel Mas 2018"]
[Site "Figueres ESP"]
[Date "2018.08.14"]
[Round "7.5"]
[White "Rex, Torsten"]
[Black "Sole Pijuan, Ferran"]
[Result "0-1"]
[WhiteElo "1910"]
[BlackElo "2320"]
[PlyCount "72"]
[EventDate "2018.08.09"]
[EventType "swiss"]
[EventRounds "9"]
[EventCountry "ESP"]
[SourceTitle "Ajedrez en Madrid"]
[Source "lmi"]
[SourceDate "2018.08.09"]
[SourceVersion "1"]
[SourceVersionDate "2019.07.09"]
[SourceQuality "1"]

1. Nf3 d5 2. c4 c6 3. d4 Nf6 4. Nc3 dxc4 5. a4 Bf5 6. e3 e6 7. Bxc4 Nbd7 8. O-O
Bb4 9. h3 O-O 10. Bd2 h6 11. Re1 Bg6 12. Rc1 Qe7 13. Na2 Bd6 14. Nc3 e5 15.
dxe5 Nxe5 16. Nxe5 Qxe5 17. f4 Qe7 18. Qb3 Rad8 19. Rcd1 Bc5 20. Bc1 a5 21. Kf1
Rfe8 22. Rxd8 Rxd8 23. e4 Nh5 24. Be3 Bxe3 25. Rxe3 Nxf4 26. Ne2 Nxe2 27. Bxe2
Rd4 28. Bf3 Rb4 29. Qc3 Rxa4 30. e5 Qb4 31. Qxb4 Rxb4 32. b3 Bf5 33. g4 Be6 34.
Bd1 Bd5 35. Kf2 b5 36. Bf3 Rxb3 0-1

[Event "19. Open Figueres Miquel Mas 2018"]
[Site "Figueres ESP"]
[Date "2018.08.14"]
[Round "7.13"]
[White "Pau Plana, Albert"]
[Black "Vinolas Anglada, Jude Biel"]
[Result "1-0"]
[WhiteElo "2013"]
[BlackElo "1458"]
[PlyCount "41"]
[EventDate "2018.08.09"]
[EventType "swiss"]
[EventRounds "9"]
[EventCountry "ESP"]
[SourceTitle "Ajedrez en Madrid"]
[Source "lmi"]
[SourceDate "2018.08.09"]
[SourceVersion "1"]
[SourceVersionDate "2019.07.09"]
[SourceQuality "1"]

1. d4 Nf6 2. c4 d6 3. Nf3 g6 4. Nc3 Bg7 5. e4 Nbd7 6. e5 Ng8 7. Bf4 b6 8. Be2
Bb7 9. O-O Nh6 10. Qd2 Ng8 11. Rfe1 Rc8 12. e6 fxe6 13. Ng5 Rb8 14. Nxe6 Qc8
15. Nxg7+ Kf7 16. Nh5 Ngf6 17. Ng3 Nf8 18. d5 c6 19. Bf3 N8d7 20. Nge4 Rf8 21.
Bxd6 1-0